000 00489nam a22001697a 4500
999 _c17980
_d17980
008 191016b xxu||||| |||| 00| 0 eng d
020 _a0789034247
040 _aKABU
_cKABU
050 _aQP141
_b.W55 2009 c. 1
100 _aWildman, Robert E. C.
245 _aThe nutritionist
_bfood, nutrition, and optimal health
_cRobert E. C. Wildman
250 _a2nd ed.
260 _aNew York
_bRoutledge
_c2009
300 _axi, 375 p.
650 _aNutrition
942 _2lcc
_cBK
_hQP141